000
00493nam a2200181Ia 4500
008
090123s9999 xx 000 0 und d
082
_b
3650
100
_a
मिरासदार द.मा.
245
_a
हसणावण
250
_a
1
260
_b
कल्पना
_c
1974
300
_a
162
600
_a
मिरासदार द.मा.
630
_a
हसणावण
700
_a
मिरासदार द.मा.
730
_a
हसणावण
942
_c
BOOK
999
_c
41729
_d
41729